| 000 | 00419nam a2200157Ia 4500 | ||
|---|---|---|---|
| 005 | 20250401121626.0 | ||
| 008 | 231217s9999 xx 000 0 und d | ||
| 020 | _a9788131411995 | ||
| 082 | _a658.84 SAR;1 R | ||
| 100 | _aSarkar, Debjani Mitra. Mukherjee, Ishita ed. | ||
| 245 | 0 | _aGlobal export trends | |
| 260 |
_c2007 _bIcfai _aHyderabad |
||
| 300 | _avi, 338 | ||
| 650 | _aGlobal,export,trends | ||
| 942 | _cAA | ||
| 999 |
_c189553 _d189553 |
||